| 000 | 00310nam a22001217a 4500 | ||
|---|---|---|---|
| 040 | _cFIZZA ISHAQ | ||
| 082 |
_a004.30 _bMAT |
||
| 100 |
_aHEMERY, MATTHEW. _986074 |
||
| 245 |
_aA DISTRIBUTED DI-CALCULUS / _c MATTHEW HEMERY. |
||
| 260 |
_aNEW YORK : _bCOMBRIDGE, _c2007. |
||
| 300 | _a259 P. ; | ||
| 942 |
_2ddc _cBK |
||
| 999 |
_c587230 _d587230 |
||